000 00773nam a2200277Ia 4500
005 20260320195848.0
008 008 262003s9999 xx 000 0 hin d
020 _a9788171798063
037 _aEBOOK
040 _aCRL
040 _bhin
040 _cCRL
041 _2hin
041 _ahin
084 _qCRL
100 _aमृणाल पांडे
_91132949
245 0 _aस्त्री : देह की राजनीति से देश की राजनीति तक
250 _a4th
260 _bRajkamal
260 _c1987
300 _a143
856 _uhttps://ebook.indiaread.in/pdfs/stree_deh_ki_rajniti_se_desh_ki_rajniti_tak_by_mrinal_pandey.pdf
942 _cEBOOK
999 _c1716898
_d1716898